000 00404nam a2200145 a 4500
001 000031634
005 20200930063051.0
008 110628s1996 dr 000 0 spa d
040 _aDO-SdBNP
_bspa
_cBNPHU
100 1 _aMikhneva, Natasha
_957940
245 1 0 _aPuerquito /
_cNatasha, Mikhneva.
260 _aSanto Domingo :
_bEditora Globo Publicidad,
_c1996.
300 _a20 p. ;
_c22 cm.
049 _aBNPD
999 _c31126
_d31126